[Event "FRA-ch U18 Girls"]
[Site "Le Grand Bornand"]
[Date "2007.04.13"]
[Round "7"]
[White "Revidon, Laetitia"]
[Black "Bartolo, Alexia"]
[Result "0-1"]
[WhiteElo "1774"]
[BlackElo "1450"]
[PlyCount "56"]
[EventDate "2007.04.07"]
[EventType "swiss"]
[EventRounds "9"]
[EventCountry "FRA"]
[SourceTitle "CBM 118 Extra"]
[Source "ChessBase"]
[SourceDate "2007.07.04"]
[SourceVersion "1"]
[SourceVersionDate "2007.07.04"]
[SourceQuality "1"]

1. e4 e5 2. Nf3 Nc6 3. Bc4 Nf6 4. Ng5 d5 5. exd5 Nxd5 6. Nxf7 Kxf7 7. Qf3+ Qf6 8. Bxd5+ Ke8 9. Bxc6+ Qxc6 10. Qxc6+ bxc6 11. 0-0 Kf7 12. f4 e4 13. Nc3 Bf5 14. Re1 Bc5+ 15. Kh1 Rhe8 16. h3 h5 17. Ne2 h4 18. c3 a5 19. b3 Red8 20. a4 Rd3 21. Ba3 Bxa3 22. Rxa3 c5 23. Ra2 Rad8 24. Nc1 Rxd2 25. Rxd2 Rxd2 26. Kh2 Kf6 27. Re3 Rd1 28. Ne2 Rd3 0-1

[Event "FRA-ch U18 Girls"]
[Site "Le Grand Bornand"]
[Date "2007.04.11"]
[Round "5"]
[White "Revidon, Laetitia"]
[Black "Benmesbah, Natacha"]
[Result "0-1"]
[WhiteElo "1774"]
[BlackElo "2196"]
[PlyCount "46"]
[EventDate "2007.04.07"]
[EventType "swiss"]
[EventRounds "9"]
[EventCountry "FRA"]
[SourceTitle "CBM 118 Extra"]
[Source "ChessBase"]
[SourceDate "2007.07.04"]
[SourceVersion "1"]
[SourceVersionDate "2007.07.04"]
[SourceQuality "1"]

1. e4 c5 2. Nf3 d6 3. d4 cxd4 4. Nxd4 Nf6 5. Nc3 g6 6. Be3 Bg7 7. f3 0-0 8. Bc4 Nc6 9. Qd2 Bd7 10. 0-0-0 Rc8 11. Bb3 Ne5 12. g4 b5 13. Kb1 a5 14. a4 bxa4 15. Bxa4 Nc4 16. Qe1 Nxe3 17. Qxe3 Bxa4 18. Nxa4 Rc4 19. b3 Qb8 20. Ka2 Rc7 21. Qd2 Rfc8 22. Rc1 Nd7 23. Rb1 e5 0-1

[Event "FRA-ch U18 Girls"]
[Site "Le Grand Bornand"]
[Date "2007.04.09"]
[Round "3"]
[White "Revidon, Laetitia"]
[Black "Swiercz, Sarah"]
[Result "1-0"]
[WhiteElo "1774"]
[BlackElo "1380"]
[PlyCount "107"]
[EventDate "2007.04.07"]
[EventType "swiss"]
[EventRounds "9"]
[EventCountry "FRA"]
[SourceTitle "CBM 118 Extra"]
[Source "ChessBase"]
[SourceDate "2007.07.04"]
[SourceVersion "1"]
[SourceVersionDate "2007.07.04"]
[SourceQuality "1"]

1. e4 e5 2. Nf3 Nc6 3. Bc4 Bc5 4. c3 Qf6 5. d3 h6 6. b4 Bb6 7. a4 a5 8. b5 Na7 9. 0-0 Ne7 10. d4 d6 11. Be3 0-0 12. dxe5 dxe5 13. Bxb6 Qxb6 14. Nxe5 c6 15. Qh5 cxb5 16. axb5 Nxb5 17. Nxf7 Be6 18. Bxe6 Qxe6 19. Nxh6+ gxh6 20. Qxb5 Qxe4 21. Rxa5 Nf5 22. Qd5+ Qxd5 23. Rxd5 Ra1 24. Nd2 Ra2 25. Re1 Rc8 26. Ne4 Ne7 27. Rd7 Kf8 28. Rxb7 Nd5 29. Rh7 Nxc3 30. Nxc3 Rxc3 31. Rxh6 Rcc2 32. Rf6+ Kg7 33. Rf4 Kg6 34. g3 Kg5 35. h4+ Kh5 36. Kg2 Kg6 37. Re5 Kg7 38. h5 Kh6 39. Rf6+ Kg7 40. Rg6+ Kh7 41. Re7+ Kh8 42. Rf7 Rc5 43. g4 Ra1 44. h6 Rcc1 45. Kg3 Rg1+ 46. Kh4 Rh1+ 47. Kg5 Ra5+ 48. Rf5 Ra7 49. f4 Kh7 50. Rgf6 Ra8 51. Rf7+ Kg8 52. Kg6 Re1 53. h7+ Kh8 54. Rf8+ 1-0